000 00346nam a22001457a 4500
008 211018b ||||| |||| 00| 0 eng d
020 _a9780135131992
041 _aeng
080 _22nd
_a311
082 _a311
100 _a54
101 _aSTA
245 _aStatistics The Art and Science of Learning from Data
_cAgresti,A
942 _2udc
_cBK
999 _c58249
_d58249